| 000 | 00606nam a2200193 a 4500 | ||
|---|---|---|---|
| 001 | 000026149 | ||
| 005 | 20240412074252.0 | ||
| 008 | 090921s1968 dr 000 0 spa d | ||
| 040 |
_aDO-SdBNP _bspa _cBNPHU |
||
| 082 |
_axxx _bR426p |
||
| 110 | 1 |
_aRepública Dominicana. _b Junta Central Electoral _964605 |
|
| 245 | 1 | 0 | _aProyecciones 11. |
| 260 |
_aSanto Domingo : _bJunta Central Electoral, _c1968. |
||
| 300 |
_a185 p. ; _c19 cm. |
||
| 600 | 1 | 0 |
_aDuarte, Juan Pablo, _d1813-1876 _91494 |
| 651 | 4 |
_aRepública Dominicana _xHistoria _y1844 _92805 |
|
| 650 | 0 |
_aLiteratura dominicana. _967 |
|
| 049 | _aBNPD | ||
| 999 |
_c25641 _d25641 |
||